000
00261nam a2200097Ia 4500
082
_a
362.19681009 TAYL
245
0
_a
My stroke of insight
100
_a
TAYLOR, Jill Bolte London, 2009
_9
74332
942
_c
BK
008
210817s9999 xx 000 0 und d
999
_c
244653
_d
244652